01330nam a2200349 a 4500001001200000003000800012006001900020007001500039008004100054010001700095015001500112020001500127020002200142040002100164035002000185050002700205082001200232100002700244245010100271260005000372300001100422504006600433533015200499650004000651650003700691650003800728655002900766700002500795710001700820856012600837999001700963ebr10076778CaPaEBRm u cr cn|||||||||040428s2004 enk sb 001 0 eng d z 2004299343 aGBA3-V2411 z0761972102 z0761972110 (pbk.) aCaPaEBRcCaPaEBR a(OCoLC)7077393114aHF1418.5b.C337 2004eb04a3372211 aCameron, Angus,d1965-14aThe imagined economies of globalizationh[electronic resource] /cAngus Cameron, Ronan P. Palan. aLondon ;aThousand Oaks, CA. :bSAGE,c2004. a186 p. aIncludes bibliographical references (p. [172]-183) and index. aElectronic reproduction.bPalo Alto, Calif. :cebrary,d2013.nAvailable via World Wide Web.nAccess may be limited to ebrary affiliated libraries. 0aInternational economic integration. 0aGlobalizationxEconomic aspects. 0aInternational economic relations. 7aElectronic books.2local1 aPalan, Ronen,d1957-2 aebrary, Inc.40uhttp://site.ebrary.com/lib/rucke/Doc?id=10076778zAn electronic book accessible through the World Wide Web; click to view c72970d72970